<?xml version="1.0" encoding="UTF-8"?>
<record
    xmlns:xsi="http://www.w3.org/2001/XMLSchema-instance"
    xsi:schemaLocation="http://www.loc.gov/MARC21/slim http://www.loc.gov/standards/marcxml/schema/MARC21slim.xsd"
    xmlns="http://www.loc.gov/MARC21/slim">

  <leader>01268nam a22002537a 4500</leader>
  <controlfield tag="005">20120614170415.0</controlfield>
  <controlfield tag="008">081007t        xxu||||| |||| 00| 0 mar d</controlfield>
  <datafield tag="010" ind1=" " ind2=" ">
    <subfield code="a">MAR-22497</subfield>
  </datafield>
  <datafield tag="020" ind1=" " ind2=" ">
    <subfield code="c">200.00</subfield>
    <subfield code="a">9788189634803</subfield>
  </datafield>
  <datafield tag="035" ind1=" " ind2=" ">
    <subfield code="a">MR-15155</subfield>
  </datafield>
  <datafield tag="037" ind1=" " ind2=" ">
    <subfield code="b">D.B.Act /pub</subfield>
  </datafield>
  <datafield tag="082" ind1=" " ind2=" ">
    <subfield code="a">891.4609</subfield>
  </datafield>
  <datafield tag="100" ind1=" " ind2=" ">
    <subfield code="9">49115</subfield>
  </datafield>
  <datafield tag="245" ind1=" " ind2=" ">
    <subfield code="a">&#x92A;&#x94D;&#x930;&#x92C;&#x94B;&#x927;&#x928; &#x906;&#x923;&#x93F; &#x906;&#x938;&#x94D;&#x935;&#x93E;&#x926; /</subfield>
    <subfield code="c">&#x92C;&#x93E;&#x932;&#x93E;&#x938;&#x93E;&#x939;&#x947;&#x92C; &#x926;&#x93E;&#x938; &#x90F;&#x935;&#x92E;&#x902; &#x938;&#x902;&#x91C;&#x92F; &#x938;&#x93E;&#x920;&#x947; &#x926;&#x94D;&#x935;&#x93E;&#x930;&#x93E; &#x938;&#x902;&#x92A;&#x93E;&#x926;&#x93F;&#x924;</subfield>
  </datafield>
  <datafield tag="246" ind1=" " ind2=" ">
    <subfield code="b">by</subfield>
  </datafield>
  <datafield tag="260" ind1=" " ind2=" ">
    <subfield code="a">&#x92A;&#x942;&#x923;&#x947;</subfield>
    <subfield code="b">&#x938;&#x94D;&#x928;&#x947;&#x939;&#x935;&#x930;&#x94D;&#x927;&#x928; &#x92A;&#x94D;&#x930;&#x915;&#x93E;&#x936;&#x928;</subfield>
    <subfield code="c">2012</subfield>
  </datafield>
  <datafield tag="270" ind1=" " ind2=" ">
    <subfield code="b">&#x92A;&#x942;&#x923;&#x947;</subfield>
    <subfield code="a">&#x938;&#x94D;&#x928;&#x947;&#x939;&#x935;&#x930;&#x94D;&#x927;&#x928;,863, &#x938;&#x926;&#x93E;&#x936;&#x93F;&#x935; &#x92A;&#x947;&#x920;,&#x92E;&#x939;&#x93E;&#x924;&#x94D;&#x92E;&#x93E; &#x92B;&#x942;&#x932;&#x947; &#x938;&#x92D;&#x93E;&#x917;&#x943;&#x939;&#x93E;&#x92E;&#x93E;&#x917;&#x947;,</subfield>
    <subfield code="e">411030</subfield>
    <subfield code="k">24472549,  24436961</subfield>
    <subfield code="m">snehvardhan@vsnl.net</subfield>
  </datafield>
  <datafield tag="300" ind1="2" ind2=" ">
    <subfield code="a">220&#x92A;&#x943;.</subfield>
    <subfield code="c">22&#x938;&#x947;&#x92E;&#x940;(&#x905;&#x91C;&#x93F;&#x932;&#x94D;&#x926;)</subfield>
  </datafield>
  <datafield tag="700" ind1=" " ind2=" ">
    <subfield code="9">51891</subfield>
    <subfield code="a">&#x92C;&#x93E;&#x932;&#x93E;&#x938;&#x93E;&#x939;&#x947;&#x92C; &#x926;&#x93E;&#x938; </subfield>
  </datafield>
  <datafield tag="700" ind1=" " ind2=" ">
    <subfield code="a">&#x938;&#x93E;&#x920;&#x947;,&#x938;&#x902;&#x91C;&#x92F; </subfield>
    <subfield code="9">52201</subfield>
  </datafield>
  <datafield tag="711" ind1=" " ind2=" ">
    <subfield code="9">51893</subfield>
  </datafield>
  <datafield tag="942" ind1=" " ind2=" ">
    <subfield code="2">ddc</subfield>
    <subfield code="c">MR</subfield>
    <subfield code="m">&#x92A;&#x94D;&#x930;&#x92C;&#x94B;&#x927;</subfield>
    <subfield code="h">891.4609</subfield>
  </datafield>
  <datafield tag="999" ind1=" " ind2=" ">
    <subfield code="c">69611</subfield>
    <subfield code="d">69611</subfield>
  </datafield>
  <datafield tag="952" ind1=" " ind2=" ">
    <subfield code="0">0</subfield>
    <subfield code="1">0</subfield>
    <subfield code="2">ddc</subfield>
    <subfield code="4">0</subfield>
    <subfield code="7">1</subfield>
    <subfield code="8">NFIC</subfield>
    <subfield code="a">DBAD</subfield>
    <subfield code="b">DBAD</subfield>
    <subfield code="d">2012-08-31</subfield>
    <subfield code="e">DBAB/PUB</subfield>
    <subfield code="g">200.00</subfield>
    <subfield code="l">0</subfield>
    <subfield code="o">891.4609 &#x92A;&#x94D;&#x930;&#x92C;&#x94B;&#x927;</subfield>
    <subfield code="p">MR-15155</subfield>
    <subfield code="r">2012-08-31 00:00:00</subfield>
    <subfield code="t">1</subfield>
    <subfield code="v">200.00</subfield>
    <subfield code="w">2012-08-31</subfield>
    <subfield code="y">MR</subfield>
  </datafield>
</record>
